Database system concepts / (Record no. 5200)
[ view plain ]
| 000 -LEADER | |
|---|---|
| fixed length control field | 01200nac a22002771u 4500 |
| 010 ## - LIBRARY OF CONGRESS CONTROL NUMBER | |
| LC control number | 2005006392 |
| 020 ## - INTERNATIONAL STANDARD BOOK NUMBER | |
| International Standard Book Number | 0072958863 (hard : alk. paper) |
| 082 00 - DEWEY DECIMAL CLASSIFICATION NUMBER | |
| Classification number | 005.74 |
| Item number | SIL |
| 090 ## - LOCALLY ASSIGNED LC-TYPE CALL NUMBER (OCLC); LOCAL CALL NUMBER (OCLC) | |
| -- | 5200 |
| -- | 5200 |
| 100 ## - MAIN ENTRY--PERSONAL NAME | |
| Personal name | Silberschatz, Abraham. |
| 245 10 - TITLE STATEMENT | |
| Title | Database system concepts / |
| Statement of responsibility, etc | Abraham Silberschatz, Henry F. Korth, S. Sudarshan. |
| 250 ## - EDITION STATEMENT | |
| Edition statement | 5th ed. |
| 260 ## - PUBLICATION, DISTRIBUTION, ETC. (IMPRINT) | |
| Place of publication, distribution, etc | Boston : |
| Name of publisher, distributor, etc | McGraw-Hill Higher Education,2006 |
| Date of publication, distribution, etc | c2006. |
| 300 ## - PHYSICAL DESCRIPTION | |
| Extent | xxvi, 1142 p. : |
| Other physical details | ill. ; |
| Dimensions | 24 cm. |
| 500 ## - GENERAL NOTE | |
| General note | distributer: Al-Ahram |
| 504 ## - BIBLIOGRAPHY, ETC. NOTE | |
| Bibliography, etc | Includes bibliographical references and index. |
| 511 ## - PARTICIPANT OR PERFORMER NOTE | |
| Participant or performer note | catalogued by: wessam |
| 650 #0 - SUBJECT ADDED ENTRY--TOPICAL TERM | |
| Topical term or geographic name as entry element | Database management. |
| 700 1# - ADDED ENTRY--PERSONAL NAME | |
| Personal name | Korth, Henry F. |
| 700 1# - ADDED ENTRY--PERSONAL NAME | |
| Personal name | Sudarshan, S. |
| 856 41 - ELECTRONIC LOCATION AND ACCESS | |
| Materials specified | Table of contents only |
| Uniform Resource Identifier | <a href="http://www.loc.gov/catdir/toc/ecip059/2005006392.html">http://www.loc.gov/catdir/toc/ecip059/2005006392.html</a> |
| 856 41 - ELECTRONIC LOCATION AND ACCESS | |
| Materials specified | Publisher description |
| Uniform Resource Identifier | <a href="http://www.loc.gov/catdir/enhancements/fy0632/2005006392-d.html">http://www.loc.gov/catdir/enhancements/fy0632/2005006392-d.html</a> |
| 942 ## - ADDED ENTRY ELEMENTS (KOHA) | |
| Item type | Book - Borrowing |
| Call number prefix | 005.74SIL |
| Withdrawn status | Item status | Damaged status | Not for loan | Home library | Current library | Shelving location | Date acquired | Source of acquisition | Total Checkouts | Total Renewals | Full call number | Barcode | Date last seen | Date last borrowed | Koha item type |
|---|---|---|---|---|---|---|---|---|---|---|---|---|---|---|---|
| Central Library | Central Library | Lower Floor | 21/10/2007 | Purchase | 2 | 33 | 005.74SIL | 000006361 | 15/07/2025 | 22/12/2016 | Book - Borrowing | ||||
| Central Library | Central Library | Lower Floor | 21/10/2007 | Purchase | 1 | 5 | 005.74SIL | 000010734 | 15/07/2025 | 30/11/2011 | Book - Borrowing |